| 000 | 00348nam a2200145Ia 4500 | ||
|---|---|---|---|
| 008 | 150201s2007 xx 000 0 und d | ||
| 082 |
_a614.1 _bP07N |
||
| 100 | _aNANDY , APURBA | ||
| 245 | _aPRINCIPLES OF FORENSIC MEDICINE | ||
| 250 | _a2ND | ||
| 260 |
_bCNBA _aKOLKATTA _c2007 |
||
| 300 | _a1-602 | ||
| 650 | _aFORENSIC MEDICINE | ||
| 942 |
_2ddc _cBK |
||
| 999 |
_c595 _d595 |
||